| Поле | Инд. | ПП | Название | Значение |
|---|---|---|---|---|
| Тип записи | a | |||
| Библиографический уровень | m | |||
| 001 | Контрольный номер | 0b070386-eea2-4c81-9a0b-b0c0d90a8af4 | ||
| 005 | Дата корректировки | 20200311095527.2 | ||
| 008 | Кодируемые данные | 011127 | ||
| 020 | c | Цена, тираж | 16.05 | |
| 040 | a | Служба первич. каталог. | НБ ТвГУ | |
| 041 | 0_ | a | Код языка текста | rus |
| 080 | a | Индекс УДК | 930.85(470)(091)(075.8) | |
| 084 | a | Индекс другой классификации/Индекс ББК | Т3(2)0-7я731-1 | |
| 090 | x | Авторский знак | К60 | |
| a | Полочн. индекс | Т3(2) | ||
| 100 | 1_ | a | Автор | Колесова Елена Васильевна |
| 245 | 10 | a | Заглавие | История русской культуры IX-XX веков как часть мирового культурного наследия |
| b | Продолж. заглавия | Основные черты, особенности и тенденции развития : Учеб. пособие | ||
| n | Номер части/ раздела | Ч. 1 | ||
| c | Ответственность | Евгений Серафимович Постников; Твер. гос. ун-т | ||
| 260 | 0_ | a | Место издания | Тверь |
| c | Дата издания | 2001 | ||
| b | Издательство | Тверской государственный университет | ||
| 300 | a | Объем | 85 с., включ. обл. | |
| 500 | a | Примечание | Экз. деф.: не пропечатаны с.22, 63. | |
| 504 | a | Библиография | Библиогр. в примеч.: с.77-81. | |
| 583 | a | Действие | Получение впервые 540 25.09.2001 | |
| k | Исполнитель действия | РИО | ||
| 583 | a | Действие | Приписка 655 27.11.2001 | |
| k | Исполнитель действия | РИО | ||
| 650 | 04 | a | Основная рубрика | Культура |
| x | Основная подрубрика | История | ||
| x | Основная подрубрика | Учебники для вузов | ||
| y | Хронологическая подрубрика | 11-20 вв. | ||
| z | Географическая подрубрика | Россия | ||
| 650 | 04 | a | Основная рубрика | Русская культура |
| 653 | 0_ | a | Ключевые слова | Древнерусская культура |
| a | Ключевые слова | История России | ||
| a | Ключевые слова | История русской культуры | ||
| a | Ключевые слова | Культура России | ||
| a | Ключевые слова | Культура СССР | ||
| a | Ключевые слова | Русская культура | ||
| a | Ключевые слова | Русское искусство | ||
| a | Ключевые слова | Художественная культура России | ||
| 700 | 1_ | a | Другие авторы | Постников Евгений Серафимович |
| e | Роль лиц | авт. | ||
| 852 | 41 | t | Порядковый номер экземпляра | 2 |
| p | Инвентарный номер | 736693 | ||
| p | Инвентарный номер | 736694 | ||
| 852 | 41 | t | Порядковый номер экземпляра | 8 |
| p | Инвентарный номер | 736695 | ||
| p | Инвентарный номер | 736696 | ||
| p | Инвентарный номер | 736697 | ||
| p | Инвентарный номер | 736698 | ||
| p | Инвентарный номер | 736699 | ||
| p | Инвентарный номер | 736700 | ||
| p | Инвентарный номер | 736701 | ||
| p | Инвентарный номер | 736702 | ||
| 852 | 41 | t | Порядковый номер экземпляра | 20 |
| p | Инвентарный номер | 738988 | ||
| p | Инвентарный номер | 738989 | ||
| p | Инвентарный номер | 738990 | ||
| p | Инвентарный номер | 738991 | ||
| p | Инвентарный номер | 738992 | ||
| p | Инвентарный номер | 738993 | ||
| p | Инвентарный номер | 738994 | ||
| p | Инвентарный номер | 738995 | ||
| p | Инвентарный номер | 738996 | ||
| p | Инвентарный номер | 738997 | ||
| p | Инвентарный номер | 738998 | ||
| p | Инвентарный номер | 738999 | ||
| p | Инвентарный номер | 739000 | ||
| p | Инвентарный номер | 739001 | ||
| p | Инвентарный номер | 739002 | ||
| p | Инвентарный номер | 739003 | ||
| p | Инвентарный номер | 739004 | ||
| p | Инвентарный номер | 739005 | ||
| p | Инвентарный номер | 739006 | ||
| p | Инвентарный номер | 739007 | ||
| 856 | 40 | u | URL | http://texts.lib.tversu.ru/texts2/01418ucheb.pdf |
| x | Примечание для ЭОР | Реестр суммарного учета сетевых локальных документов | ||
| 888 | a | За счет средств университета | ||
| 920 | a | Оператор | Прокоф | |
| 952 | p | 540.2001 16.05 1 736693 | ||
| p | 540.2001 16.05 1 736694 | |||
| p | 540.2001 16.05 1 736695 | |||
| p | 540.2001 16.05 1 736696 | |||
| p | 540.2001 16.05 1 736697 | |||
| p | 540.2001 16.05 1 736698 | |||
| p | 540.2001 16.05 1 736699 | |||
| p | 540.2001 16.05 1 736700 | |||
| p | 540.2001 16.05 1 736701 | |||
| p | 540.2001 16.05 1 736702 | |||
| p | 655.2001 16.05 1 738988 | |||
| p | 655.2001 16.05 1 738989 | |||
| p | 655.2001 16.05 1 738990 | |||
| p | 655.2001 16.05 1 738991 | |||
| p | 655.2001 16.05 1 738992 | |||
| p | 655.2001 16.05 1 738993 | |||
| p | 655.2001 16.05 1 738994 | |||
| p | 655.2001 16.05 1 738995 | |||
| p | 655.2001 16.05 1 738996 | |||
| p | 655.2001 16.05 1 738997 | |||
| p | 655.2001 16.05 1 738998 | |||
| p | 655.2001 16.05 1 738999 | |||
| p | 655.2001 16.05 1 739000 | |||
| p | 655.2001 16.05 1 739001 | |||
| p | 655.2001 16.05 1 739002 | |||
| p | 655.2001 16.05 1 739003 | |||
| p | 655.2001 16.05 1 739004 | |||
| p | 655.2001 16.05 1 739005 | |||
| p | 655.2001 16.05 1 739006 | |||
| p | 655.2001 16.05 1 739007 | |||
| c | Вид литературы | К ру | ||
| 954 | a | Дата поступления на обработку | 20011129 | |
| 999 | a | Подразделение 2 | ч.з. | |
| a | Подразделение 2 | аб. | ||
| a | Подразделение 2 | уч.о |